000 00399nam a2200133 4500
999 _c507624
_d507624
008 190220b ||||| |||| 00| 0 eng d
100 _aMenon, Meena
_92089
245 _aPakistan's sticky wicket:
_bimminent economic challenges for Imran Khan
260 _c2018
300 _ap.17-19.
773 _aEconomic and Political Weekly
906 _aGovernment and politics - Pakistan
942 _2ddc
_cAR